[Event "1st SCS GM Open"]
[Site "Bhubaneswar IND"]
[Date "2009.06.08"]
[Round "3"]
[White "Ramnath,B"]
[Black "Venkatesh,M"]
[Result "1/2-1/2"]
[WhiteElo "2273"]
[BlackElo "2432"]

1.e4 c5 2.Nf3 Nc6 3.d4 cxd4 4.Nxd4 e6 5.Nc3 Qc7 6.Be2 a6 7.O-O Nf6 8.Be3 Be7
9.f4 d6 10.a4 O-O 11.Kh1 Bd7 12.Nb3 b6 13.Bf3 Rfe8 14.g4 Bc8 15.g5 Nd7 16.Bg2 Bf8
17.Qh5 g6 18.Qh4 Bg7 19.Rf3 Rb8 20.Rh3 Nf8 21.Rf1 b5 22.axb5 axb5 23.Nd1 Ne7
24.Qf2 e5 25.Rf3 Bg4 26.Rg3 Be6 27.fxe5 Bxe5 28.Bf4 d5 29.Bxe5 Qxe5 30.Ne3 Nd7
31.exd5 Nxd5 32.Ng4 Qxg5 33.Qd4 Qh5 34.Bf3 Qg5 35.Bg2 Qh5  1/2-1/2

[Event "XLIV Capablanca Memorial Open"]
[Site "Havana CUB"]
[Date "2009.06.08"]
[Round "1"]
[White "Perez Garcia,Rodn"]
[Black "Guerra Mojena,L"]
[Result "1/2-1/2"]
[WhiteElo "2436"]
[BlackElo "2252"]

1.Nf3 c5 2.e4 e6 3.Nc3 Nc6 4.d4 cxd4 5.Nxd4 Nf6 6.Nxc6 bxc6 7.e5 Nd5 8.Ne4 Bb7
9.Be2 c5 10.O-O Qc7 11.Nd6+ Bxd6 12.exd6 Qc6 13.Bf3 c4 14.Qd4 O-O 15.Rd1 Rfc8
16.Qe5 Qb6 17.Bh6 gxh6 18.Bxd5 Bxd5 19.Qg3+ Kf8 20.Qe5 Kg8 21.Qg3+  1/2-1/2

[Event "XLIV Capablanca Memorial Open"]
[Site "Havana CUB"]
[Date "2009.06.08"]
[Round "1"]
[White "Guerra Mendez,J"]
[Black "Vigoa Apecheche,Yan"]
[Result "1-0"]
[WhiteElo "2420"]
[BlackElo "2244"]

1.e4 c5 2.Nf3 Nc6 3.d4 cxd4 4.Nxd4 e6 5.Nc3 Qc7 6.Be3 a6 7.Qd2 Nf6 8.O-O-O Be7
9.f3 O-O 10.g4 b5 11.g5 Ne8 12.Nxc6 dxc6 13.h4 e5 14.h5 f5 15.g6 f4 16.Bg1 h6
17.Nd5 Qb7 18.Nxe7+ Qxe7 19.Qc3 Qc7 20.Bc5 Rf6 21.Bh3 Bxh3 22.Rxh3 a5 23.Rh2 a4
24.Rhd2 Re6 25.Rd7 Qc8 26.Be7 Qa6 27.Qc5 b4 28.Qxb4 Rb8 29.Qxb8  1-0

[Event "TCh-BUL"]
[Site "Sunny Beach BUL"]
[Date "2009.06.08"]
[Round "1"]
[White "Radulski,J"]
[Black "Spasov,V"]
[Result "1/2-1/2"]
[WhiteElo "2560"]
[BlackElo "2598"]

1.e4 c5 2.Nc3 e6 3.Nf3 Nc6 4.d4 cxd4 5.Nxd4 Nf6 6.Ndb5 d6 7.Bf4 e5 8.Bg5 a6
9.Bxf6 gxf6 10.Na3 b5 11.Nd5 f5 12.exf5 Bxf5 13.c3 Bg7 14.Nc2 O-O 15.Nce3 Be6
16.Bd3 f5 17.Bc2 f4 18.Qh5 Rf7 19.Bxh7+ Kf8 20.Bf5 Qe8 21.Qg4 Bxf5 22.Nxf5 Qe6
23.Nfe3 Qh6 24.O-O e4 25.Nf5 Qe6 26.Nfe3 Qh6 27.Nf5 Qe6 28.Nfe3 Qh6  1/2-1/2

[Event "TCh-BUL w"]
[Site "Sunny Beach BUL"]
[Date "2009.06.09"]
[Round "2"]
[White "Velcheva,M"]
[Black "Genova,Ly"]
[Result "1-0"]
[WhiteElo "2254"]
[BlackElo "2221"]

1.e4 c5 2.Nf3 e6 3.d4 cxd4 4.Nxd4 Nc6 5.Nc3 a6 6.Be2 Qc7 7.O-O Nf6 8.Kh1 Bb4
9.Nxc6 bxc6 10.f4 d5 11.e5 Nd7 12.Na4 Nb6 13.Nxb6 Qxb6 14.Bd3 g6 15.Qf3 Bc5
16.c3 a5 17.Rb1 Ba6 18.b4 axb4 19.cxb4 Bd4 20.Rd1 O-O 21.a4 Bxd3 22.Qxd3 Bf2
23.a5 Qa6 24.Qxa6 Rxa6 25.Rb2 Bh4 26.Bd2 Rb8 27.Rdb1 Rb5 28.Be3 Bd8 29.Kg1 Kf8
30.Kf1 Ke8 31.Ke2 h5 32.Kd3 Kd7 33.Bd4 Bc7 34.g3 Rb8 35.Ra1 Rb5 36.Rc1 Ra8
37.Rcc2 Bd8 38.Bc5 Bc7 39.h3 Rbb8 40.Ra2 Ra6 41.g4 Rh8 42.Rh2 Bd8 43.Raf2 Bh4
44.Rf3 Be7 45.Rc2 hxg4 46.hxg4 Rh4 47.Bxe7 Kxe7 48.Rg3 Kd7 49.Kd4 Ra8 50.Rgc3 Ra6
51.b5 Rxa5 52.bxc6+ Kc7 53.Rb3 Ra7 54.Kc5 Rxg4 55.Rcb2 Ra5+ 56.Rb5 Rxb5+
57.Rxb5 Rxf4 58.Rb7+ Kc8 59.Kd6 Rc4 60.Rxf7 Kb8 61.Rf8+ Ka7 62.c7 d4 63.c8=Q Rxc8
64.Rxc8 d3 65.Rc1  1-0

[Event "ch-UZB"]
[Site "Tashkent UZB"]
[Date "2009.06.09"]
[Round "11"]
[White "Filippov,An UZB"]
[Black "Faizulaev,A"]
[Result "1-0"]
[WhiteElo "2584"]
[BlackElo "2275"]

1.e4 c5 2.Nf3 e6 3.d4 cxd4 4.Nxd4 Nc6 5.Nc3 Qc7 6.Be2 a6 7.O-O Nf6 8.Be3 d6
9.f4 Be7 10.a4 O-O 11.Kh1 Bd7 12.Qe1 Rac8 13.Qg3 Rfe8 14.a5 d5 15.e5 Nxd4
16.Bxd4 Ne4 17.Nxe4 dxe4 18.Qe3 Bc5 19.Bxc5 Qxc5 20.Qxc5 Rxc5 21.c4 Kf8 22.Kg1 Ke7
23.Kf2 f6 24.b4 Rc7 25.Ke3 Rec8 26.Rfd1 Bc6 27.Rd6 Rd8 28.Rad1 Rcd7 29.Rxd7+ Rxd7
30.Rxd7+ Kxd7 31.g4 f5 32.gxf5 exf5 33.b5 axb5 34.cxb5 Bd5 35.Kd4 Bb3 36.Bc4 Bc2
37.Bd5 Bd3 38.b6 Ba6 39.Bxe4  1-0

[Event "1st SCS GM Open"]
[Site "Bhubaneswar IND"]
[Date "2009.06.10"]
[Round "5"]
[White "Priyadharshan,K"]
[Black "Vorobiov,E"]
[Result "0-1"]
[WhiteElo "2411"]
[BlackElo "2596"]

1.e4 c5 2.Nf3 Nc6 3.d4 cxd4 4.Nxd4 e6 5.Nc3 Qc7 6.Be3 a6 7.Qd2 Nf6 8.f3 Bb4
9.O-O-O O-O 10.g4 b5 11.h4 Ne5 12.h5 Bb7 13.h6 g6 14.g5 Ne8 15.Bf4 d6 16.Bh3 Nc4
17.Nxe6 Qe7 18.Nxf8 Nxd2 19.Nxg6 fxg6 20.Rxd2 Bxc3 21.bxc3 Qf7  0-1

[Event "Open"]
[Site "Brescia ITA"]
[Date "2009.06.10"]
[Round "5"]
[White "Rombaldoni,D"]
[Black "Rasmussen,A"]
[Result "1-0"]
[WhiteElo "2442"]
[BlackElo "2501"]

1.e4 c5 2.Nf3 e6 3.d4 cxd4 4.Nxd4 Nc6 5.Nc3 Qc7 6.Be3 a6 7.Qd2 Nf6 8.O-O-O Bb4
9.f3 Ne5 10.Nb3 O-O 11.Qe1 d5 12.exd5 Bxc3 13.bxc3 Nxd5 14.Bc5 b5 15.Bxf8 Kxf8
16.Rd4 Bb7 17.c4 bxc4 18.Na5 c3 19.Nb3 Qd6 20.Qxc3 Rc8 21.Qb2 Qc7 22.Bd3 Nf4
23.Kb1 Nxg2 24.Be4 Bxe4 25.Rxe4 Nc4 26.Qc1 e5 27.Rg1 Nf4 28.Rd1 f5 29.Ree1 Ng2
30.Re2 Nge3 31.Rd3 f4 32.Ka1 Kg8 33.Nd2 Nd6 34.c3 Nb5 35.Ne4 Nd4 36.Rb2 Qc4
37.Rxe3 fxe3 38.Nd6 Ne2 39.Qxe3 Qd5 40.Nxc8 Qd1+ 41.Rb1 Qc2 42.Qxe5  1-0

[Event "FSGM June"]
[Site "Budapest HUN"]
[Date "2009.06.10"]
[Round "5"]
[White "Szabo,Krisz1"]
[Black "Fogarasi,T"]
[Result "1/2-1/2"]
[WhiteElo "2518"]
[BlackElo "2426"]

1.e4 c5 2.Nf3 e6 3.d4 cxd4 4.Nxd4 Nc6 5.Nc3 Qc7 6.Be3 a6 7.Qd2 Nf6 8.O-O-O Be7
9.f3 h5 10.Nxc6 dxc6 11.Qf2 b5 12.Bb6 Qf4+ 13.Kb1 Nd7 14.Be3 Qc7 15.f4 e5
16.Qg3 Bf6 17.Be2 Bb7 18.a4 exf4 19.Bxf4 Ne5 20.Bg5 h4 21.Qe3 Bxg5 22.Qxg5 f6
23.Qf4 Qa5 24.Bg4  1/2-1/2

[Event "FSGM June"]
[Site "Budapest HUN"]
[Date "2009.06.10"]
[Round "5"]
[White "Paschall,W"]
[Black "Akesson,R"]
[Result "1/2-1/2"]
[WhiteElo "2376"]
[BlackElo "2493"]

1.e4 c5 2.Nf3 e6 3.d4 cxd4 4.Nxd4 Nc6 5.Nc3 Qc7 6.Be2 Nf6 7.O-O d6 8.Ndb5 Qb8
9.Bf4 e5 10.Bg5 a6 11.Na3 b5 12.Bxf6 gxf6 13.Nd5 Bg7 14.c3 Ne7 15.Nxe7 Kxe7
16.Nc2 Be6 17.Qd3 Qb6 18.Ne3 Qc6 19.a4 bxa4 20.Bd1 Qb5 21.c4 Qxb2 22.Rb1 Qd4
23.Rb7+ Kf8 24.Qb1 Bh6 25.Nf5 Bxf5 26.exf5 Kg7 27.Rxf7+ Kxf7 28.Qb7+ Kg8
29.Qxa8+ Bf8 30.Qxa6 h5 31.Bxa4 Rh7 32.Bc6 Re7 33.Bd5+ Kg7 34.Qxd6 h4 35.h3 Qd3
36.Qb6 Qxf5 37.Qe3 Rc7 38.Qb6 Qd7 39.Qb1 f5 40.Qb2 Bd6 41.f4 Bc5+ 42.Kh1 Bd4
43.Qd2 Kg6 44.Re1 Qd6 45.fxe5 Bxe5 46.Qd3 Re7 47.Rf1 Bf4 48.Qd4 Kg5 49.Qh8 Qe5
50.Qg8+ Qg7 51.Qd8 Bc7 52.Qg8 Qxg8 53.Bxg8 Bg3 54.Bd5 Re1 55.Rxe1 Bxe1 56.Kg1 Bb4
57.Kf2 Kf4 58.Ke2 Bc5 59.Kd3 Ke5 60.Bb7 Kf4 61.Kc3 Ke5 62.Bc8 Ke4 63.Kb3 Ke5
64.Ka4 f4 65.Kb5 Kd6 66.Bb7 Bf2 67.Kb4 Bd4 68.Kb3 Kc5 69.Bd5 Bf2 70.Kc2 Bg3  1/2-1/2

[Event "XLIV Capablanca Memorial Open"]
[Site "Havana CUB"]
[Date "2009.06.10"]
[Round "3"]
[White "Quesada Perez,Y"]
[Black "Guerra Tulcan,L"]
[Result "1/2-1/2"]
[WhiteElo "2402"]
[BlackElo "2343"]

1.e4 c5 2.Nf3 e6 3.d4 cxd4 4.Nxd4 Nc6 5.Nc3 Qc7 6.Be2 a6 7.O-O b5 8.Nxc6 dxc6
9.f4 b4 10.Na4 Nf6 11.Bf3 Bb7 12.c4 c5 13.e5 Nd7 14.Be3 Be7 15.b3 Rd8 16.Qc2 Bxf3
17.Rxf3 O-O 18.Qe4 Rfe8 19.Rh3 Nf8 20.Rf1 Ng6 21.Rh5 Bf8 22.Qc2 Rd7 23.Nb2 Red8
24.Rd1 Rxd1+ 25.Nxd1 h6 26.Nf2 Ne7 27.g4 Nc6 28.Ne4 Qd7 29.Nf2 Nd4 30.Qe4 Ne2+
31.Kg2 Nc3 32.Qc2 Qc6+ 33.Kg1 Qf3 34.Rh3 Qe2 35.Qxe2 Nxe2+ 36.Kf1 Nc3 37.Ke1 Nxa2
38.Bd2 f5 39.exf6 gxf6 40.Rd3 Rd4 41.Be3 Rxd3 42.Nxd3 Kf7 43.Bxc5 Bxc5 44.Nxc5 a5
45.Nb7 a4 46.bxa4 Nc3 47.Nc5 b3 48.Nxb3 Nxa4 49.Kd2 Kg6 50.Ke3 f5 51.Nd4 Nc5
52.gxf5+ exf5 53.Nf3 Ne6 54.Ne5+ Kf6 55.Nd3 Ke7 56.Kf3 Kd6 57.Kg3 Ng7 58.Kh4 Ke6
59.Kg3 Kd6 60.Kf3 Ne6 61.Ke3 Kc6 62.Kd2 Nd4 63.Kc3 Ne2+ 64.Kb4 h5 65.Kb3 Kd6
66.Kb4 Kc6 67.Ne5+ Kd6 68.Ng6 Nd4 69.Kc3 Nf3 70.h4 Kc5 71.Kd3 Nd4 72.Ne5 Ne6
73.Ke3 Ng7 74.Kd3 Ne6 75.Ng6 Kd6 76.Kc3 Kc5 77.Ne7 Nxf4 78.Nxf5 Ng6 79.Kd3 Ne5+
80.Ke4 Nxc4 81.Ng7 Kd6 82.Kf5 Ne3+ 83.Kf6 Ng2  1/2-1/2

[Event "1st SCS GM Open"]
[Site "Bhubaneswar IND"]
[Date "2009.06.11"]
[Round "6"]
[White "Vishnu,P"]
[Black "Fominyh,A"]
[Result "0-1"]
[WhiteElo "2286"]
[BlackElo "2485"]

1.e4 c5 2.Nf3 Nc6 3.Nc3 e6 4.d4 cxd4 5.Nxd4 a6 6.Nxc6 bxc6 7.Bd3 d5 8.O-O Qc7
9.Re1 Bb7 10.Qf3 Bd6 11.h3 Ne7 12.b3 e5 13.Bb2 O-O 14.Rad1 h6 15.Qh5 Bc8
16.Bc1 d4 17.Ne2 Be6 18.Ng3 f6 19.Qe2 a5 20.Bc4 Qc8 21.c3 c5 22.a4 Kh7 23.Ba3 Rd8
24.Rc1 Rb8 25.Nf1 Ng6 26.Nd2 Rb6 27.Qf1 Bf8 28.cxd4 Rxd4 29.Nf3 Bxc4 30.Rxc4 Rd3
31.Rec1 Rdxb3 32.Bxc5 Bxc5 33.Rxc5 Qe8  0-1

[Event "XLIV Capablanca Memorial Premier"]
[Site "Havana CUB"]
[Date "2009.06.11"]
[Round "4"]
[White "Corrales Jimenez,F"]
[Black "Quezada Perez,Y"]
[Result "1-0"]
[WhiteElo "2574"]
[BlackElo "2596"]

1.e4 c5 2.Nf3 e6 3.d4 cxd4 4.Nxd4 Nc6 5.Nc3 Qc7 6.Be3 a6 7.Qd2 Nf6 8.O-O-O Be7
9.f3 h5 10.Bg5 d6 11.h4 Bd7 12.f4 b5 13.Bxb5 axb5 14.Ndxb5 Qb8 15.Nxd6+ Bxd6
16.Qxd6 Qxd6 17.Rxd6 Na7 18.a4 Nc8 19.Rd4 Ng4 20.Rhd1 Ra7 21.Nb5 Rb7 22.Rxd7  1-0

[Event "1st SCS GM Open"]
[Site "Bhubaneswar IND"]
[Date "2009.06.12"]
[Round "8"]
[White "Mishra,So"]
[Black "Deepan,C"]
[Result "1/2-1/2"]
[WhiteElo "2323"]
[BlackElo "2482"]

1.e4 c5 2.Nf3 e6 3.d4 cxd4 4.Nxd4 Nc6 5.Nc3 Qc7 6.g3 a6 7.Bg2 d6 8.O-O Bd7
9.Re1 Be7 10.Nxc6 Bxc6 11.Bf4 Nf6 12.e5 dxe5 13.Bxe5 Qc8 14.Ne4 Nxe4 15.Bxe4 Bxe4
16.Rxe4 O-O 17.Rd4  1/2-1/2

[Event "TCh-BUL w"]
[Site "Sunny Beach BUL"]
[Date "2009.06.12"]
[Round "5"]
[White "Nikolova,A"]
[Black "Djingarova,E"]
[Result "0-1"]
[WhiteElo "2304"]
[BlackElo "2334"]

1.e4 c5 2.Nf3 e6 3.d4 cxd4 4.Nxd4 Nc6 5.Nc3 Qc7 6.Nb3 a6 7.Bd3 b5 8.Qe2 Be7
9.O-O Nf6 10.f4 d6 11.a4 b4 12.Nd1 O-O 13.Bd2 e5 14.Ne3 exf4 15.Rxf4 Be6
16.Nd5 Bxd5 17.exd5 Ne5 18.Rxb4 Nxd5 19.Rd4 Nf6 20.Bg5 Rfe8 21.Kh1 d5 22.Bxf6 Bxf6
23.Rxd5 Nxd3 24.Qxd3 Bxb2 25.Rf1 Rad8 26.Rxd8 Rxd8 27.Qxa6 Qxc2 28.Qb7 Bf6
29.g3 h5 30.a5 Rd3 31.Qa8+ Bd8 32.a6 Qxb3 33.a7 Qa2 34.Qe4 Ra3 35.Qe8+ Kh7
36.Qxd8 Rxa7 37.Qd3+ g6 38.Qd4 Re7 39.Qf6 Qe6 40.Qf4 Kg7 41.Qd4+ Qe5 42.Qd8 Qe4+
43.Kg1 Rb7 44.Qf6+ Kh7 45.Qc3 Re7 46.Qb2 Qe3+ 47.Kh1 Qe4+ 48.Kg1 f5 49.Qf6 Rd7
50.Qf8 Qe3+ 51.Kh1 Qe2 52.Kg1 Qe3+ 53.Kh1 Qe2 54.Kg1 h4 55.gxh4 Qe3+ 56.Kh1 Qe4+
57.Kg1 Rd2 58.Qf7+ Kh6 59.Qf8+ Kh5 60.Qh8+ Kg4 61.h3+ Kxh3 62.Qc3+ Rd3 63.Qb2 Rg3+
64.Kf2 Rg2+  0-1

[Event "1st SCS GM Open"]
[Site "Bhubaneswar IND"]
[Date "2009.06.13"]
[Round "9"]
[White "Simutowe,A"]
[Black "Swapnil,SD"]
[Result "1/2-1/2"]
[WhiteElo "2485"]
[BlackElo "2340"]

1.e4 c5 2.Nf3 e6 3.d4 cxd4 4.Nxd4 Nc6 5.Nc3 Qc7 6.Be3 a6 7.Qd2 Nf6 8.O-O-O Be7
9.f3 h5 10.Nb3 d6 11.Qf2 b5 12.Bb6 Qb7 13.Na5 Nxa5 14.Bxa5 O-O 15.a3 Rb8
16.Qd4 e5 17.Qe3 Be6 18.Be2 Bd8 19.Bb4 Bb6 20.Qg5 Qa7 21.Kb1 Be3 22.Qh4 Bc5
23.Rxd6 Bf2 24.Rxa6 Qd4 25.g3 Rfd8 26.Nd1 Be3 27.Bc3 Qc5 28.Bb4 Qd4 29.Bc3 Qc5
30.Bb4 Qd4  1/2-1/2

[Event "1st SCS GM Open"]
[Site "Bhubaneswar IND"]
[Date "2009.06.13"]
[Round "9"]
[White "Minhazuddin,A"]
[Black "Neelotpal,D"]
[Result "1/2-1/2"]
[WhiteElo "2382"]
[BlackElo "2514"]

1.e4 c5 2.Nf3 e6 3.d4 cxd4 4.Nxd4 Nc6 5.Nc3 d6 6.Be2 Nf6 7.O-O Be7 8.Be3 O-O
9.f4 a6 10.Kh1 Bd7 11.Qe1 b5 12.a3 Qb8 13.Bd3 b4 14.Nce2 Qb7 15.Qg3 Kh8 16.a4 Nxd4
17.Bxd4 Bc6 18.e5 dxe5 19.fxe5 Ne4 20.Qg4 Rad8 21.Rf4 Nc5 22.Bxc5 Bxc5 23.Qh3  1/2-1/2

[Event "1st SCS GM Open"]
[Site "Bhubaneswar IND"]
[Date "2009.06.14"]
[Round "10"]
[White "Zubarev,Al1"]
[Black "Himanshu,Sh"]
[Result "1/2-1/2"]
[WhiteElo "2566"]
[BlackElo "2403"]

1.e4 c5 2.Nf3 e6 3.d4 cxd4 4.Nxd4 Nc6 5.Nc3 Qc7 6.Be2 a6 7.O-O Nf6 8.Be3 d6
9.f4 Be7 10.Kh1 O-O 11.Qe1 Bd7 12.Qg3 b5 13.a3 Nxd4 14.Bxd4 Bc6 15.Rae1 Qb7
16.Bd3 b4 17.Nd1 bxa3 18.bxa3 g6 19.Nf2 Qd7 20.f5 Nh5 21.Qh3 Bg5 22.Ng4 e5
23.Be3 f6 24.Bc4+ Kg7 25.Bxg5 fxg5 26.f6+ Kh8 27.Qf3 Bb5 28.Bxb5 axb5 29.g3 Qe6
30.Rf2 Ra7 31.Ref1 Rd7 32.Kg1 h6 33.Nxh6 Rxf6 34.Qxf6+ Nxf6 35.Rxf6 Qc4 36.Nf7+ Kg7
37.Nxg5 Qxc2 38.h4 Re7 39.R6f3 d5 40.R1f2 Qc1+ 41.Rf1 Qc5+ 42.Kh2 Qc4 43.exd5 Qxd5
44.R1f2 Qc6 45.Re3 Qb6 46.Rfe2 Qd4 47.Nf3 Qd5 48.Nxe5 Qc5 49.Ng4 Rxe3 50.Rxe3 Qc4
51.Nf2 Qd5 52.Rd3 Qa2 53.Rf3 Qe2 54.Kg2 Qa2 55.g4 Qd5 56.g5 Qd4 57.Kg3 Qe5+
58.Kh3 Qd5 59.Kg4 Qe6+ 60.Kf4 Qd6+ 61.Kg4 Qe6+ 62.Kg3 Qd6+ 63.Kg2 Qd4 64.Kh3 Qd5
65.Rd3 Qf5+ 66.Kg2 Qf4 67.Rb3 Qxh4 68.Rxb5 Qa4 69.Rb7+ Kf8 70.Rb6 Kg7 71.Rf6 Qxa3
72.Nh3 Qb2+ 73.Rf2 Qe5 74.Rf1  1/2-1/2

[Event "1st SCS GM Open"]
[Site "Bhubaneswar IND"]
[Date "2009.06.14"]
[Round "10"]
[White "Anwesh,U"]
[Black "Fominyh,A"]
[Result "1/2-1/2"]
[WhiteElo "2321"]
[BlackElo "2485"]

1.e4 c5 2.Nf3 Nc6 3.d4 cxd4 4.Nxd4 e6 5.Nc3 a6 6.Be3 Nf6 7.Bd3 Qc7 8.O-O Bd6
9.Nxc6 bxc6 10.f4 e5 11.f5 Qa5 12.Kh1 Be7 13.Qf3 d5 14.Bg5 Bb7 15.Rae1 d4
16.Nb1 h6 17.Bd2 Qc7 18.Qg3 Kf8 19.b3 Rd8 20.Re2 Bc5 21.h3 Kg8 22.Qe1 Qe7
23.g4 Kf8 24.Rg2 Ke8 25.Qe2 Ra8 26.Qe1 Bb6 27.a4 a5 28.Kg1 Nd7 29.Rgf2 f6
30.Bc1 Bc5 31.Qe2 Kd8 32.Nd2 Ba3 33.Nc4 Bxc1 34.Rxc1 Qb4 35.Rf3 Ke7 36.Nb2 Qa3
37.Rb1 Qc5 38.Kg2 Nb6 39.Rh1 Nc8 40.h4 Nd6 41.Rfh3 Rag8 42.Kf1 g6 43.Nc4 gxf5
44.gxf5 Nf7 45.R3h2 Kf8 46.Rg1 Rxg1+ 47.Kxg1 Rg8+ 48.Rg2 Rxg2+ 49.Qxg2 Ba6
50.Kf1 Bxc4 51.Bxc4 Qa3 52.Qd2 Qa1+ 53.Kg2 Qb1 54.Bd3 h5 55.Be2 Nd6 56.Qh6+ Ke7
57.Bd3 Qd1 58.Qg7+ Nf7 59.Qg3 Nh6 60.Qg7+ Nf7 61.Qg3 Nh6 62.Qg7+  1/2-1/2

[Event "Open"]
[Site "Teplice CZE"]
[Date "2009.06.14"]
[Round "2"]
[White "Eggleston,D"]
[Black "Tuma,Ja"]
[Result "1-0"]
[WhiteElo "2358"]
[BlackElo "2103"]

1.e4 c5 2.Nf3 e6 3.d4 cxd4 4.Nxd4 Nc6 5.Nc3 a6 6.Be3 d6 7.Qd2 Nf6 8.f3 Be7
9.g4 O-O 10.O-O-O Nd7 11.h4 Nde5 12.Be2 b5 13.h5 b4 14.Nxc6 Nxc6 15.Na4 Qa5
16.b3 Qe5 17.Bd4 Nxd4 18.Qxd4 Qf4+ 19.Kb1 Rb8 20.h6 gxh6 21.Rh5 Rd8 22.Ra5 Bd7
23.Nb2 Rdc8 24.Rxa6 Qh2 25.Bc4 Bb5 26.Ra7 Qh4 27.Bxb5 Rxb5 28.Nc4 d5 29.Qe5 Bf6
30.Qd6 Rf8 31.Qc6 Rbb8 32.Nb6 Qf2 33.Nd7 Bc3 34.Qa6 dxe4 35.Rf1 Qd2 36.fxe4 Rbd8
37.Qd3 Qg5 38.Qf3 Bg7 39.Nxf8 Qe5 40.Qxf7+  1-0

[Event "Open"]
[Site "Teplice CZE"]
[Date "2009.06.14"]
[Round "2"]
[White "Novosadova,K"]
[Black "Jurcik,Mart"]
[Result "0-1"]
[WhiteElo "2043"]
[BlackElo "2331"]

1.e4 c5 2.Nf3 e6 3.d4 cxd4 4.Nxd4 Nc6 5.Nc3 Qc7 6.Be3 a6 7.Bd3 Nf6 8.O-O Ne5
9.h3 Bc5 10.Kh1 d6 11.f4 Ng6 12.Qe1 O-O 13.Rd1 b5 14.Nf3 Bb7 15.e5 Bxe3 16.Qxe3 dxe5
17.fxe5 Nd7 18.Bxg6 hxg6 19.Rd6 Bxf3 20.gxf3 f6 21.Rfd1 Nxe5 22.f4 Nc4 23.Qxe6+ Kh8
24.R6d4 Rfe8 25.Qg4 Ne3 26.Qxg6 Nxd1 27.Nd5 Re1+ 28.Kh2 Qd6 29.Qh5+ Kg8 30.Ne7+ Qxe7
31.Qd5+ Qe6 32.Qxa8+ Kh7 33.Qf3 Qe2+ 34.Qxe2 Rxe2+ 35.Kg3 Nxb2  0-1

[Event "Open"]
[Site "Teplice CZE"]
[Date "2009.06.14"]
[Round "2"]
[White "Michielsen,J"]
[Black "Klement,L"]
[Result "1/2-1/2"]
[WhiteElo "2352"]
[BlackElo "2080"]

1.e4 c5 2.Nf3 Nc6 3.Nc3 e6 4.d4 cxd4 5.Nxd4 Nf6 6.a3 a6 7.Nxc6 bxc6 8.e5 Nd5
9.Ne4 f5 10.exf6 Nxf6 11.Nd6+ Bxd6 12.Qxd6 Qe7 13.Bf4 Qxd6 14.Bxd6 Ne4 15.Be5 O-O
16.f3 Ng5 17.Bd6 Re8 18.O-O-O Nf7 19.Be2 a5 20.Rd2 Ba6 21.c4 Nxd6 22.Rxd6 Ra7
23.Rhd1 Re7 24.b3 Kf8 25.Kc2 Rf7 26.Kc3 Ke7 27.R1d2 Rf6 28.Bd1 c5 29.Bc2 h6
30.Rb6 e5 31.Rb8 d6 32.Be4 Kd7 33.Rg8 Rf7 34.a4 Re7 35.Rd3 Kc7 36.Rd1 Bc8
37.Bd5 Bd7 38.Rd2 Bc6 39.Bxc6 Kxc6 40.Rd8 Rad7 41.Rc8+ Kb7 42.Rg8 Rf7 43.Kd3 Rf4
44.Ke3 Rd4 45.Rf8 Re7 46.Rd8 Kc7 47.Ra8 Kb6 48.Rb8+ Rb7 49.Rxb7+ Kxb7 50.h4 g5
51.hxg5 hxg5 52.g3 Kc6 53.Rh2 Rd1 54.Rh8 Kc7 55.Rh7+ Kc6 56.Rh8 Kc7 57.Rh7+  1/2-1/2

[Event "13th Open"]
[Site "Voronezh RUS"]
[Date "2009.06.14"]
[Round "3"]
[White "Matinian,N"]
[Black "Tunik,G"]
[Result "1/2-1/2"]
[WhiteElo "2369"]
[BlackElo "2499"]

1.e4 c5 2.Nf3 e6 3.d4 cxd4 4.Nxd4 Nc6 5.Nc3 a6 6.Be3 Nge7 7.Nb3 Ng6 8.g3 b5
9.f4 Bb4 10.a3 Bxc3+ 11.bxc3 d5 12.Bg2 Nge7 13.O-O O-O 14.Bc5 Re8 15.a4 bxa4
16.Rxa4 a5 17.f5 dxe4 18.Bxe4 Qxd1 19.Rxd1 exf5 20.Bg2 Rb8 21.Nxa5 Nxa5 22.Bxe7 Bb7
23.Bd6 Ra8 24.Bxb7 Nxb7 25.Rxa8 Rxa8 26.Bb4 h5 27.Rd5 g6 28.Rd7 Nd8 29.c4 Ne6
30.c5 Rc8 31.Rd5 f4 32.Kf2 fxg3+ 33.Kxg3 Kg7 34.Kf3 g5 35.Ke4 Kg6 36.Rd6 g4
37.c6 h4 38.Be1 g3 39.Kf3 gxh2 40.Kg2 Kf5 41.Kxh2 Ke5 42.Rd7  1/2-1/2

[Event "Open"]
[Site "Teplice CZE"]
[Date "2009.06.15"]
[Round "3"]
[White "Jurcik,Mart"]
[Black "Swinkels,R"]
[Result "1/2-1/2"]
[WhiteElo "2331"]
[BlackElo "2499"]

1.e4 c5 2.Nf3 e6 3.d4 cxd4 4.Nxd4 Nc6 5.Nc3 Qc7 6.Be3 a6 7.Bd3 Nf6 8.O-O Ne5
9.Nf3 Nfg4 10.Nxe5 Nxe3 11.Qh5 g6 12.Qf3 Qxe5 13.fxe3 f6 14.Qxf6 Qxf6 15.Rxf6 Bg7
16.Rf3 b5 17.Raf1 Bb7 18.Nd1 Rf8 19.Rh3 Rxf1+ 20.Kxf1 h6 21.Nf2 Kf7 22.b3 Rh8
23.Rf3+ Ke7 24.Ke2 g5 25.g4 Bc6 26.Kd2 b4 27.h3 a5 28.Nh1 Ra8 29.Rf1 a4 30.Ng3 Bc3+
31.Ke2 Be5 32.Nh1 axb3 33.axb3 Ra2 34.Nf2 d6 35.Kd2 Be8 36.Nd1 Bf7 37.Nf2 Bc3+
38.Ke2 Be5 39.Nd1 Ra8 40.Nf2 Rh8 41.Kf3 h5 42.gxh5 Rxh5 43.Kg2 Rh4 44.Ng4 Bc3
45.Rd1 Rh8 46.Kg3 Ra8 47.Kf3 Be8 48.Kg3 Ra5 49.Kf3 Bc6 50.Ke2 Ra2 51.Kf3 Ra5
52.Rh1 Be8 53.Ke2 Bf7 54.Rf1 Ra8 55.Kf3 Rh8 56.Kg3 Be8 57.Kg2 Rh4 58.Rd1 Bh5
59.Be2 Bg6 60.Bd3 Bh5  1/2-1/2

[Event "13th Master Open"]
[Site "Voronezh RUS"]
[Date "2009.06.15"]
[Round "4"]
[White "Sokolovsky,V"]
[Black "Demianjuk,A"]
[Result "0-1"]
[WhiteElo "2061"]
[BlackElo "2330"]

1.e4 c5 2.Nf3 e6 3.d4 cxd4 4.Nxd4 Nc6 5.Nc3 Qc7 6.Be3 a6 7.Nxc6 dxc6 8.Bd3 e5
9.O-O Nf6 10.f4 Ng4 11.Qf3 Nxe3 12.Qxe3 exf4 13.Rxf4 Qe5 14.Kh1 Be6 15.Raf1 Bd6
16.g3 h5 17.Rf5 Bxf5 18.Rxf5 Qe7 19.e5 g6 20.Rg5 O-O-O 21.Na4 Rhe8 22.Nb6+ Kb8
23.Nc4 Bc7 24.Be4 Rd1+ 25.Kg2 Qe6 26.Bf3 Rd7 27.b3 Bd8 28.h4 Bxg5 29.hxg5 Red8
30.Qc5 Qf5 31.Bxc6 Qxc2+ 32.Kh3 Qf5+ 33.Kh2 Rd2+ 34.Nxd2 Rxd2+ 35.Bg2 Qf2
36.Qxf2 Rxf2  0-1

[Event "13th Open"]
[Site "Voronezh RUS"]
[Date "2009.06.15"]
[Round "4"]
[White "Sjugirov,S"]
[Black "Shaposhnikov,E"]
[Result "1/2-1/2"]
[WhiteElo "2588"]
[BlackElo "2549"]

1.e4 c5 2.Nf3 e6 3.d4 cxd4 4.Nxd4 Nc6 5.Nc3 Qc7 6.g3 a6 7.Bg2 Nf6 8.O-O Bc5
9.Nxc6 dxc6 10.Na4 Ba7 11.c4 h5 12.c5 h4 13.b4 hxg3 14.hxg3 e5 15.Bb2 Bg4
16.Qd2 Rd8 17.Qe3 Be6 18.Rfd1 O-O 19.Qc3 Rxd1+ 20.Rxd1 Rd8 21.Qc2 Rxd1+ 22.Qxd1 Qd7
23.Qxd7 Nxd7 24.a3 a5 25.Bc1 Bb3 26.Bh3 Bxa4 27.Bxd7 axb4 28.axb4 b6 29.Be3  1/2-1/2

[Event "FSIMA June"]
[Site "Budapest HUN"]
[Date "2009.06.16"]
[Round "11"]
[White "Hartl,D"]
[Black "Halvax,G"]
[Result "1-0"]
[WhiteElo "2194"]
[BlackElo "2231"]

1.e4 c5 2.Nf3 e6 3.d4 cxd4 4.Nxd4 Nc6 5.Nc3 a6 6.Be3 Qc7 7.Qd2 Bb4 8.O-O-O Nf6
9.f3 b5 10.Bf4 Ne5 11.Nc6 Bxc3 12.bxc3 Nxf3 13.Bxc7 Nxd2 14.Rxd2 Nxe4 15.Rd4 Nxc3
16.Ba5 Nd5 17.Rxd5 exd5 18.Bxb5 O-O 19.Ne7+ Kh8 20.Ba4 d6 21.Bc6 Rb8 22.Bc7 Rb4
23.Bxd6 Rc4 24.Bxd5 Rd4 25.Bc5 Rf4 26.g3 Rf6 27.Re1 Be6 28.c4 h6 29.Bxe6  1-0

[Event "zt 2.4"]
[Site "Rio de Janeiro BRA"]
[Date "2009.06.16"]
[Round "9"]
[White "Zambrana,O"]
[Black "Fier,A"]
[Result "0-1"]
[WhiteElo "2473"]
[BlackElo "2595"]

1.e4 c5 2.Nf3 e6 3.d4 cxd4 4.Nxd4 Nc6 5.Nc3 Qc7 6.Be3 a6 7.Qd2 Nf6 8.f3 Be7
9.O-O-O O-O 10.g4 b5 11.g5 Nh5 12.Kb1 Ne5 13.Be2 Bb7 14.Bd3 Bb4 15.Nb3 d5
16.Qe2 Nc4 17.Bxc4 bxc4 18.Nd2 Qe5 19.Qf2 Bxc3 20.bxc3 dxe4 21.Bd4 Qa5 22.Ka1 exf3
23.Rhe1 Nf4 24.Nxf3 Bxf3 25.Qxf3 Ng6 26.h4 e5 27.Bf2 Nf4 28.Rb1 Rab8 29.Red1 Rb5
30.Rxb5 axb5 31.Bc5 Ra8 32.a3 Rd8 33.Rxd8+ Qxd8 34.Qc6 h6 35.Qxb5 hxg5 36.hxg5 Qd2
37.Qe8+ Kh7 38.Qxe5 Qc1+ 39.Ka2 Qxc2+ 40.Ka1 Ne2 41.Bd4 Qd1+ 42.Kb2 Qb3+
43.Ka1 Qxa3+ 44.Kb1 Qb3+ 45.Ka1 Qd1+ 46.Kb2 Qd2+  0-1

[Event "13th Master Open"]
[Site "Voronezh RUS"]
[Date "2009.06.16"]
[Round "5"]
[White "Bajarani,U"]
[Black "Tunik,G"]
[Result "1/2-1/2"]
[WhiteElo "2331"]
[BlackElo "2499"]

1.e4 c5 2.Nf3 e6 3.d4 cxd4 4.Nxd4 Nc6 5.Nc3 a6 6.Be2 Nge7 7.O-O Nxd4 8.Qxd4 Nc6
9.Qd1 Be7 10.f4 d6 11.Be3 b5 12.Bd3 O-O 13.a3 b4 14.axb4 Nxb4 15.Be2 Bb7
16.Bf3 Rc8 17.Rf2 Qc7 18.Qd4 Nc6 19.Qd2 Na5 20.Nb5 axb5 21.Qxa5 Qxa5 22.Rxa5 Ra8
23.Rxa8 Rxa8 24.Rd2 Ra6 25.Kf2 h6 26.e5 Bxf3 27.exd6 Bxd6 28.Kxf3 f5 29.b3 g5
30.fxg5 hxg5 31.Bxg5 Bxh2 32.g4 fxg4+ 33.Kxg4 Bd6 34.c4 bxc4 35.bxc4 Kf7
36.Be3 Rc6 37.c5 Be7 38.Rb2 Rc7 39.Rc2  1/2-1/2

[Event "13th FIDE Open"]
[Site "Voronezh RUS"]
[Date "2009.06.16"]
[Round "5"]
[White "Tukhvatullin,V"]
[Black "Cherednichenko,V"]
[Result "1-0"]
[WhiteElo "2263"]
[BlackElo "1964"]

1.e4 c5 2.Nf3 Nc6 3.d4 cxd4 4.Nxd4 e6 5.Nc3 a6 6.g3 Nge7 7.Nb3 b5 8.Bg2 Ng6
9.f4 Bb4 10.Be3 Bb7 11.Nc5 Qc7 12.Nxb7 Qxb7 13.O-O O-O 14.h4 Nge7 15.h5 f5
16.e5 Rfd8 17.a3 Ba5 18.Kh2 Bb6 19.Bxb6 Qxb6 20.Rf3 g5 21.Rd3 gxf4 22.gxf4 Qf2
23.Qd2 Qxd2 24.Rxd2 Ra7 25.Rad1 Na5 26.b3 Rc7 27.Ne2 Kf7 28.Bf3 h6 29.Kg2 Rdc8
30.Nd4 Rc3 31.Kf2 R8c7 32.Rd3 Rc8  1-0